| 000 | 00767cam a2200265 a 4500 | ||
|---|---|---|---|
| 001 | 13734932 | ||
| 003 | OSt | ||
| 005 | 20171127185933.0 | ||
| 008 | 040929s2004 njua 000 0 eng | ||
| 010 | _a 2004114322 | ||
| 020 | _a1929007604 (alk. paper) | ||
| 040 |
_aDLC _cDLC _dDLC |
||
| 042 | _apcc | ||
| 050 | 0 | 0 |
_aRM301 _b.R34 2004 |
| 082 | 0 | 0 |
_aQV 4 R122n 2005 _222 |
| 100 | 1 |
_aRaffa, Robert B.; Rawls, Scott M. _91618 |
|
| 245 | 1 | 0 | _aNetter's Illustrated Pharmacology |
| 250 | _a1st ed. | ||
| 260 |
_aNew Jersey; _bIcon Learning Systems, _c2004. |
||
| 300 |
_axxvii, 411 p. : _bill. (some col.) ; _c28 cm. |
||
| 504 | _aIncludes index. | ||
| 650 | 0 |
_aPharmacology _vAtlases. _91619 |
|
| 906 |
_a7 _bcbc _corignew _d2 _eepcn _f20 _gy-gencatlg |
||
| 942 |
_2z _cSLOAN |
||
| 999 |
_c620 _d620 |
||